Normal view MARC view

Entry Meeting Name

Number of records used in: 1

001 - CONTROL NUMBER

  • control field: 24133

003 - CONTROL NUMBER IDENTIFIER

  • control field: OSt

005 - DATE AND TIME OF LATEST TRANSACTION

  • control field: 20211105134830.0

008 - FIXED-LENGTH DATA ELEMENTS

  • fixed length control field: 211105|| aca||aabn | a|a d

040 ## - CATALOGING SOURCE

  • Original cataloging agency: OSt
  • Transcribing agency: OSt

111 ## - HEADING--MEETING NAME

  • Meeting name or jurisdiction name as entry element: Workshop on Observing Gaint Cosmic Ray Air Showers From >1020 eV Particles From Space
  • Location of meeting: Marylan, USA
  • Date of meeting or treaty signing: 1997 Nov. 13-15

670 ## - SOURCE DATA FOUND

  • Source citation: Work cat.: (OSt): Workshop on Observing Gaint Cosmic Ray Air Showers From >1020 eV Particles From Space Marylan, USA 1997 Nov. 13-15, Observing gaint cosmic ray air showers from >1020 eV particles from space, 1998

Powered by Koha